ATP Ranking Points - Statistics

General Stats
  • This quiz has been taken 40 times
  • The average score is 15 of 16
Answer Stats
Level Winner Finalist SF QF R16 R32 R64 % Correct
ATP 250 250 150 90 45 20 5 N/A
100%
5
100%
10
97%
Masters 1000 1000 600 360 180 90 45 10
97%
20
97%
Grand Slam 2000 1200 720 360 180 90 45
97%
ATP 500 500 300 180 90 45 20 N/A
97%
150
94%
180
91%
300
91%
90
91%
45
88%
1200
82%
360
79%
600
79%
720
76%
No matching quizzes found
Score Distribution
Percent of People with Each Score
Percentile by Number Answered
Your Score History
You have not taken this quiz